LEADER 01416nam--2200433---450- 001 990000941110203316 005 20091211130947.0 010 $a88-13-19991-0 035 $a0094111 035 $aUSA010094111 035 $a(ALEPH)000094111USA01 035 $a0094111 100 $a20020204d1997----km-y0itay0103----ba 101 $aita 102 $aIT 105 $a||||||||001yy 200 1 $a<> codice penale spagnolo$fintroduzione di Gonzalo Quintera Olivares$gtraduzione di Giampaolo Naronte 210 $aPadove$cCEDAM$d1997 215 $aXVI, 361 p.$d24 cm 225 2 $aCasi, fonti e studi per il diritto penale$hSer. 2$iLe fonti$v8 300 $aTesto orig. a fronte 410 $12001$aCasi, fonti e studi per il diritto penale$hSer. 2$iLe fonti$v8 461 1$1001-------$12001 606 0 $aCodice penale$ySpagna 676 $a345.46002632 702 1$aQUINTERO OLIVARES,$bGonzalo 702 1$aNARONTE,$bGialpaolo 710 02$aSpagna$077817 801 0$aIT$bsalbc$gISBD 912 $a990000941110203316 951 $aXXVI.1. Coll. 4/ 6 (COLL HOR 8)$b13769 G$cXXVI.1. Coll. 4/ 6 (COLL HOR)$d00249416 959 $aBK 969 $aGIU 979 $aPATTY$b90$c20020204$lUSA01$h1224 979 $c20020403$lUSA01$h1737 979 $aPATRY$b90$c20040406$lUSA01$h1705 979 $aRSIAV5$b90$c20091211$lUSA01$h1309 996 $aCodice penale spagnolo$9679383 997 $aUNISA